<?xml version="1.0" encoding="UTF-8"?>
<marc:record xmlns:marc="http://www.loc.gov/MARC21/slim">
   <marc:leader>00000nam a2200000 a 4500</marc:leader>
   <marc:datafield ind1="1" ind2=" " tag="100">
      <marc:subfield code="a">Tolkien, J.R.R.</marc:subfield>
      <marc:subfield code="4">aut</marc:subfield>
      <marc:subfield code="e">Verfasser/-in</marc:subfield>
   </marc:datafield>
   <marc:datafield ind1="0" ind2="0" tag="245">
      <marc:subfield code="a">Herr der Ringe</marc:subfield>
   </marc:datafield>
   <marc:datafield ind1="0" ind2="0" tag="245">
      <marc:subfield code="b">Die Rückkehr des Königs</marc:subfield>
   </marc:datafield>
   <marc:datafield ind1=" " ind2="1" tag="264">
      <marc:subfield code="b">Klett Cotta</marc:subfield>
      <marc:subfield code="c">2002</marc:subfield>
   </marc:datafield>
   <marc:datafield ind1="1" ind2=" " tag="490">
      <marc:subfield code="a">Herr der Ringe</marc:subfield>
   </marc:datafield>
   <marc:datafield ind1="1" ind2=" " tag="520">
      <marc:subfield code="a">Der schüchterne, junge Hobbit Frodo Beutlin erbt einen Ring. Aber dieser Ring ist mehr als nur ein Schmuckstück. Es ist der Meister-Ring, der eine, der alles beherrscht, ein Werkzeug absoluter Macht, das es Sauron, dem abgrundtief bösen Herrn von Mordor, erlauben würde, Mittelerde zu beherrschen und ihre Völker zu versklaven. Es sei denn, Frodo und seinen treuen Gefährten, die sich aus Menschen, Hobbits, einem Zauberer, einem Zwerg und einem Elben zusammensetzen, gelingt es, den Ring über ganz Mittelerde zu transportieren, um ihn in den Tiefen des Orodruin, des Feurigen Berges, in die Schicksalsklüfte, wo er von Sauron selbst gegossen wurde, zu werfen und für immer zu zerstören</marc:subfield>
   </marc:datafield>
   <marc:datafield ind1="3" ind2=" " tag="024">
      <marc:subfield code="a">3608955364</marc:subfield>
   </marc:datafield>
</marc:record>
